[Event "Tch-CRO 1stB Liga 2017"]
[Site "Mali Losinj"]
[Date "2017.09.29"]
[Round "2.51"]
[White "Feller, Sebastien"]
[Black "Pijpers, Arthur"]
[Result "1-0"]
[WhiteElo "2569"]
[BlackElo "2462"]
[PlyCount "119"]
[EventDate "2017.09.28"]
[EventType "team"]
[EventRounds "9"]
[EventCountry "CRO"]

1. e4 c5 2. Nf3 d6 3. Bb5+ Bd7 4. Bxd7+ Qxd7 5. c4 Nf6 6. Nc3 Nc6 7. d4 Qg4 8.
d5 Nd4 9. Nxd4 Qxd1+ 10. Nxd1 cxd4 11. f3 e5 12. dxe6 fxe6 13. Nf2 Nd7 14. b3
a5 15. Ke2 a4 16. Bd2 Be7 17. Nd3 Kf7 18. Rhc1 Rhc8 19. b4 Rc7 20. c5 dxc5 21.
Bf4 Rcc8 22. bxc5 Nxc5 23. Rab1 Nxd3 24. Kxd3 Rxc1 25. Bxc1 Rc8 26. Bf4 g5 27.
Bd2 Rc7 28. Rb5 h6 29. g3 Bc5 30. f4 b6 31. fxg5 hxg5 32. Bxg5 e5 33. g4 Kg6
34. h4 Rf7 35. Bd2 Rf3+ 36. Kc4 Rf2 37. Kd3 Rf3+ 38. Kc4 Rf2 39. Kd3 Rh2 40.
h5+ Kg7 41. h6+ Kg6 42. Rb1 Rh3+ 43. Kc4 Rh2 44. Kd3 Rh3+ 45. Kc2 Ra3 46. Rh1
Rxa2+ 47. Kd3 Kh7 48. g5 Ra3+ 49. Ke2 Bf8 50. Rf1 d3+ 51. Kf3 Ra2 52. Ke3 Bc5+
53. Kxd3 Ra3+ 54. Kc4 Ra2 55. Rf7+ Kh8 56. Rd7 Rxd2 57. Rxd2 Be3 58. Rd8+ Kh7
59. Rd7+ Kh8 60. g6 1-0

[Event "Tch-CRO 1stB Liga 2017"]
[Site "Mali Losinj"]
[Date "2017.09.29"]
[Round "2.52"]
[White "Sprenger, Jan Michael"]
[Black "Bogut, Zeljko"]
[Result "1/2-1/2"]
[WhiteElo "2514"]
[BlackElo "2411"]
[PlyCount "128"]
[EventDate "2017.09.28"]
[EventType "team"]
[EventRounds "9"]
[EventCountry "CRO"]

1. e4 c5 2. Nf3 d6 3. d4 cxd4 4. Nxd4 Nf6 5. Nc3 e5 6. Bb5+ Bd7 7. Bxd7+ Qxd7
8. Nf5 Nxe4 9. Nxe4 Qxf5 10. Nxd6+ Bxd6 11. Qxd6 Nc6 12. Be3 Rd8 13. Qc5 Qe4
14. O-O b6 15. Qa3 Qb4 16. Qxb4 Nxb4 17. c3 Nc2 18. Bg5 Nxa1 19. Bxd8 Kxd8 20.
Rxa1 Ke7 21. Re1 Ke6 22. f4 f6 23. fxe5 fxe5 24. Kf2 Rf8+ 25. Ke3 Rf4 26. Rd1
Ra4 27. a3 g5 28. g3 h5 29. Rd8 h4 30. Rg8 hxg3 31. hxg3 Kf5 32. Kf3 e4+ 33.
Ke3 b5 34. Rb8 a6 35. Rb6 Kg4 36. Rg6 Kf5 37. Rc6 Kg4 38. Rc5 Rc4 39. Re5 Rc6
40. Kf2 Rc4 41. Kg2 Ra4 42. Rc5 Rc4 43. Rd5 Rc6 44. Re5 Rc4 45. Kf2 Ra4 46. Rc5
Rc4 47. b4 Rxc5 48. bxc5 Kf5 49. Ke3 Ke5 50. g4 Kd5 51. c6 Kxc6 52. Kxe4 Kc5
53. Kf5 Kc4 54. Kxg5 Kxc3 55. Kf4 a5 56. g5 b4 57. g6 b3 58. g7 b2 59. g8=Q
b1=Q 60. Qg7+ Kb3 61. Qb7+ Ka2 62. Qd5+ Qb3 63. Qxa5 Qxa3 64. Qxa3+ Kxa3
1/2-1/2

[Event "Tch-CRO 1stB Liga 2017"]
[Site "Mali Losinj"]
[Date "2017.09.29"]
[Round "2.53"]
[White "Galic, Ivan"]
[Black "Doric, Darko"]
[Result "1-0"]
[WhiteElo "2395"]
[BlackElo "2467"]
[PlyCount "72"]
[EventDate "2017.09.28"]
[EventType "team"]
[EventRounds "9"]
[EventCountry "CRO"]

1. e4 c6 2. d4 d5 3. e5 c5 4. dxc5 Nc6 5. Nf3 Bg4 6. c3 e6 7. b4 Bxf3 8. Qxf3
Nxe5 9. Bb5+ Nc6 10. Bb2 Be7 11. c4 Bf6 12. Nc3 Nge7 13. cxd5 Nxd5 14. Rd1
Bxc3+ 15. Bxc3 O-O 16. Qg3 g6 17. Bxc6 bxc6 18. Qe5 f6 19. Qxe6+ Kg7 20. O-O
Qc7 21. Bd2 Rae8 22. Qg4 Re7 23. Rfe1 Rfe8 24. g3 Qb7 25. h4 h5 26. Qc4 a6 27.
a4 f5 28. Rxe7+ Rxe7 29. b5 axb5 30. axb5 cxb5 31. Qd4+ Kh7 32. Bc1 Rd7 33. Qe5
b4 34. Qe6 Re7 35. c6 Qb5 36. Qd6 b3 1-0

[Event "Tch-CRO 1stB Liga 2017"]
[Site "Mali Losinj"]
[Date "2017.09.29"]
[Round "2.54"]
[White "Rade, Miroslav"]
[Black "Bender, Ivan"]
[Result "0-1"]
[WhiteElo "2432"]
[BlackElo "2231"]
[PlyCount "95"]
[EventDate "2017.09.28"]
[EventType "team"]
[EventRounds "9"]
[EventCountry "CRO"]

1. e4 c6 2. Nc3 d5 3. Nf3 Bg4 4. h3 Bxf3 5. Qxf3 e6 6. Be2 Nf6 7. O-O Bc5 8. d3
O-O 9. Bf4 Kh8 10. Qg3 Nbd7 11. Bf3 Rc8 12. Rfe1 Bb6 13. Rad1 Bc7 14. e5 Ng8
15. d4 a5 16. Be2 b5 17. Bd3 b4 18. Na4 Bb6 19. Bg5 Qc7 20. Re3 Bxd4 21. Qh4 h6
22. Qxd4 hxg5 23. h4 c5 24. Qg4 Nh6 25. Qxg5 c4 26. Bf1 Nf5 27. Ree1 Nxe5 28.
b3 f6 29. Qh5+ Nh6 30. g3 Rce8 31. Bh3 f5 32. Re3 Nd7 33. Qe2 f4 34. Rxe6 Nf6
35. Qf3 Rxe6 36. Bxe6 fxg3 37. fxg3 Qe5 38. Bxd5 Nd7 39. Qg2 Qe3+ 40. Kh1 Rf2
41. Qh3 Nf5 42. Rg1 Nf6 43. Bg2 Ne4 44. Qg4 Nexg3+ 45. Kh2 Rf4 46. Qd1 Rxh4+
47. Bh3 Qf2+ 48. Rg2 0-1

[Event "Tch-CRO 1stB Liga 2017"]
[Site "Mali Losinj"]
[Date "2017.09.29"]
[Round "2.55"]
[White "Brnas, Augustin"]
[Black "Ivic, Mateo"]
[Result "1/2-1/2"]
[WhiteElo "2203"]
[BlackElo "2232"]
[PlyCount "56"]
[EventDate "2017.09.28"]
[EventType "team"]
[EventRounds "9"]
[EventCountry "CRO"]

1. e4 e5 2. Nf3 Nc6 3. Bb5 a6 4. Ba4 Nf6 5. O-O Be7 6. Re1 b5 7. Bb3 d6 8. c3
O-O 9. h3 Nb8 10. d4 Nbd7 11. Nbd2 Bb7 12. Bc2 Re8 13. Nf1 Bf8 14. Ng3 g6 15.
Nh2 Bg7 16. d5 Qe7 17. b3 c6 18. c4 bxc4 19. bxc4 Nc5 20. Bg5 cxd5 21. cxd5 h6
22. Be3 Rec8 23. Rc1 Rc7 24. f3 Rac8 25. Qd2 Kh7 26. Rb1 Nfd7 27. Nh1 h5 28.
Bg5 Bf6 1/2-1/2

[Event "Tch-CRO 1stB Liga 2017"]
[Site "Mali Losinj"]
[Date "2017.09.29"]
[Round "2.56"]
[White "Curic, Drazen"]
[Black "Separovic, Tomislav"]
[Result "1/2-1/2"]
[WhiteElo "2223"]
[BlackElo "2187"]
[PlyCount "94"]
[EventDate "2017.09.28"]
[EventType "team"]
[EventRounds "9"]
[EventCountry "CRO"]

1. e4 d5 2. exd5 Qxd5 3. Nf3 Nf6 4. c4 Qd6 5. d4 Bg4 6. Be2 Nc6 7. c5 Qd7 8.
Bb5 a6 9. Ba4 b5 10. cxb6 cxb6 11. h3 Bxf3 12. Qxf3 b5 13. Bb3 Rc8 14. Be3 e6
15. O-O Be7 16. Nc3 O-O 17. Rfd1 Nb4 18. d5 Nbxd5 19. Nxd5 Nxd5 20. Qg4 Nxe3
21. Rxd7 Nxg4 22. Rxe7 Nf6 23. a4 bxa4 24. Rxa4 Rb8 25. Ba2 Rxb2 26. Rxa6 Rd2
27. Raa7 Rd1+ 28. Kh2 Rd6 29. Reb7 h5 30. g3 Ne4 31. Kg2 Nc3 32. Bb3 Ne4 33.
Ba2 Nc5 34. Rc7 Ne4 35. Ra4 Nf6 36. Raa7 g6 37. Re7 Nd5 38. Reb7 Nf6 39. Bb3
Ne8 40. Kf3 Kg7 41. Kg2 Nf6 42. Re7 Kg8 43. Kf1 Rb6 44. Ba2 Ne4 45. Kg2 Nc3 46.
Bc4 Rc6 47. Bb3 Rb8 1/2-1/2

[Event "Tch-CRO 1stB Liga 2017"]
[Site "Mali Losinj"]
[Date "2017.09.30"]
[Round "3.11"]
[White "Pijpers, Arthur"]
[Black "Stojanovski, Dejan"]
[Result "1/2-1/2"]
[WhiteElo "2462"]
[BlackElo "2454"]
[PlyCount "80"]
[EventDate "2017.09.28"]
[EventType "team"]
[EventRounds "9"]
[EventCountry "CRO"]

1. e4 d5 2. exd5 Qxd5 3. Nc3 Qd8 4. d4 Nf6 5. Nf3 Bg4 6. h3 Bxf3 7. Qxf3 c6 8.
Be3 e6 9. Bd3 Nbd7 10. O-O-O Bb4 11. Ne2 Nd5 12. Qg3 g6 13. Bg5 Be7 14. h4 Nb4
15. Bc4 b5 16. Bb3 Nd5 17. Bxe7 Qxe7 18. h5 g5 19. Bxd5 cxd5 20. Nc3 O-O 21.
Nxb5 Rab8 22. Nc3 Rfc8 23. Rd3 h6 24. f4 Nb6 25. b3 Rb7 26. Re1 Rbc7 27. Kd2 f6
28. a3 Rc6 29. Qh3 Qf7 30. g3 Kh7 31. Rde3 Qc7 32. Rxe6 Rxe6 33. Qf5+ Kh8 34.
Rxe6 Qxc3+ 35. Kc1 Qa1+ 36. Kd2 Qxd4+ 37. Ke2 Qc3 38. Kd1 Qd4+ 39. Ke2 Qc3 40.
Kd1 Qd4+ 1/2-1/2

[Event "Tch-CRO 1stB Liga 2017"]
[Site "Mali Losinj"]
[Date "2017.09.30"]
[Round "3.12"]
[White "Saric, Ante"]
[Black "Sprenger, Jan Michael"]
[Result "1/2-1/2"]
[WhiteElo "2549"]
[BlackElo "2514"]
[PlyCount "79"]
[EventDate "2017.09.28"]
[EventType "team"]
[EventRounds "9"]
[EventCountry "CRO"]

1. d4 Nf6 2. c4 e6 3. g3 d5 4. Bg2 Bb4+ 5. Nd2 O-O 6. Ngf3 b6 7. O-O Bb7 8. Ne5
Nbd7 9. Qa4 Bxd2 10. Bxd2 Nxe5 11. dxe5 Nd7 12. Rad1 Nxe5 13. cxd5 exd5 14. Bc3
Re8 15. e4 c6 16. exd5 cxd5 17. Rfe1 Qd7 18. Qxd7 Nxd7 19. Rxe8+ Rxe8 20. Bxd5
Bxd5 21. Rxd5 Nb8 22. Rg5 g6 23. Rd5 f5 24. Kg2 Kf7 25. Kf3 Nc6 26. Kf4 h6 27.
h4 Re4+ 28. Kf3 Ke6 29. Rd1 h5 30. Kg2 Ke7 31. Kf1 Kf7 32. f3 Re8 33. Kf2 Rd8
34. Rc1 Re8 35. a4 Ne7 36. Rd1 Ke6 37. Re1+ Kd7 38. Rd1+ Ke6 39. Re1+ Kd7 40.
Rd1+ 1/2-1/2

[Event "Tch-CRO 1stB Liga 2017"]
[Site "Mali Losinj"]
[Date "2017.09.30"]
[Round "3.14"]
[White "Plenca, Julijan"]
[Black "Rade, Miroslav"]
[Result "1-0"]
[WhiteElo "2416"]
[BlackElo "2432"]
[PlyCount "85"]
[EventDate "2017.09.28"]
[EventType "team"]
[EventRounds "9"]
[EventCountry "CRO"]

1. e4 e5 2. Nf3 Nc6 3. d4 exd4 4. Nxd4 Bc5 5. Nb3 Bb6 6. Nc3 Nf6 7. Bg5 O-O 8.
Bb5 h6 9. Bh4 Ne5 10. Nd5 g5 11. Nxb6 axb6 12. Bg3 Re8 13. f3 c6 14. Be2 d5 15.
O-O Ng6 16. Bd3 dxe4 17. fxe4 Bg4 18. Qe1 Nh5 19. Bf2 Nhf4 20. Qe3 c5 21. h3
Bd7 22. Rfe1 Qf6 23. Nd2 Rad8 24. b4 Bc6 25. Bf1 Nd5 26. Qb3 Nxb4 27. Rad1 Ra8
28. Nc4 Ba4 29. Qe3 Nxc2 30. Rd6 Qf4 31. Qxf4 Nxf4 32. Rc1 Nd4 33. Bxd4 cxd4
34. Nxb6 Ra5 35. g3 Ng6 36. Nxa4 Rxe4 37. Bc4 Rxa4 38. Rxg6+ Kf8 39. Rf6 Re7
40. Bb3 Ra6 41. Rxa6 bxa6 42. Rc8+ Kg7 43. Rd8 1-0

[Event "Tch-CRO 1stB Liga 2017"]
[Site "Mali Losinj"]
[Date "2017.09.30"]
[Round "3.15"]
[White "Ivic, Mateo"]
[Black "Matko, Ognjen"]
[Result "1-0"]
[WhiteElo "2232"]
[BlackElo "2330"]
[PlyCount "143"]
[EventDate "2017.09.28"]
[EventType "team"]
[EventRounds "9"]
[EventCountry "CRO"]

1. e4 e6 2. d4 d5 3. e5 c5 4. c3 Nc6 5. Nf3 Qb6 6. a3 c4 7. g3 Na5 8. Nbd2 Bd7
9. Bg2 h6 10. O-O Ne7 11. Rb1 Nc8 12. Ne1 Qc7 13. Qg4 Nb6 14. Nc2 O-O-O 15. Ne3
Kb8 16. f4 g6 17. Qe2 h5 18. Bf3 Ba4 19. Qg2 Be7 20. h4 Qc6 21. Be2 Bf8 22. Rf2
Nc8 23. Nf3 Ne7 24. Ng5 Qe8 25. Bf3 Bh6 26. Qf1 Rc8 27. Qe2 Bb3 28. Bd2 Rc6 29.
Kg2 Rb6 30. Rh1 Ba4 31. Bc1 Nb3 32. Rhf1 a6 33. Kh3 Ka7 34. Kg2 Qg8 35. Kh3 Qg7
36. Kh2 Rc8 37. Bg2 Rb5 38. Bh3 Rc6 39. Ng2 Nxc1 40. Rxc1 Rcb6 41. Rb1 Qg8 42.
Qf3 Rb3 43. g4 hxg4 44. Bxg4 Rxa3 45. Qh3 Be8 46. Re1 Rab3 47. Ree2 R3b5 48.
Ne3 Ra5 49. Rg2 Ra2 50. Bf3 Bxg5 51. fxg5 Ba4 52. Ref2 Ra1 53. h5 gxh5 54. Bxh5
Be8 55. Ng4 Nf5 56. Nh6 Nxh6 57. gxh6 Qh7 58. Bf3 f6 59. Rg7 Qb1 60. h7 Bg6 61.
Rxg6 Qxg6 62. Rg2 Rxb2 63. h8=Q Qb1 64. Qxf6 Qe1 65. Qg5 Rbb1 66. Qd2 Qf1 67.
Rg3 Qd3 68. Qxd3 cxd3 69. Qxe6 d2 70. Qxd5 Rb2 71. Qc5+ Rb6 72. Rg7 1-0

[Event "Tch-CRO 1stB Liga 2017"]
[Site "Mali Losinj"]
[Date "2017.09.30"]
[Round "3.16"]
[White "Bobanac, Miro"]
[Black "Curic, Drazen"]
[Result "0-1"]
[WhiteElo "2292"]
[BlackElo "2223"]
[PlyCount "60"]
[EventDate "2017.09.28"]
[EventType "team"]
[EventRounds "9"]
[EventCountry "CRO"]

1. Nf3 g6 2. g3 Bg7 3. Bg2 c5 4. c4 Nc6 5. O-O e6 6. Nc3 Nge7 7. d3 O-O 8. Bd2
b6 9. Rb1 Bb7 10. a3 d5 11. b4 cxb4 12. axb4 dxc4 13. dxc4 Nf5 14. Qc1 Qe7 15.
e4 Ncd4 16. Nxd4 Nxd4 17. Re1 Rac8 18. Ne2 Rfd8 19. Bg5 Bf6 20. Bxf6 Qxf6 21.
Nxd4 Qxd4 22. Qa3 Rxc4 23. Qxa7 Rc2 24. Re3 Bc6 25. h4 Ra8 26. Qe7 Rxf2 27.
Rbe1 Raa2 28. Bf1 Rxf1+ 29. Kxf1 Bb5+ 30. Kg1 Qd2 0-1

[Event "Tch-CRO 1stB Liga 2017"]
[Site "Mali Losinj"]
[Date "2017.09.30"]
[Round "3.21"]
[White "Fercec, Nenad"]
[Black "Feller, Sebastien"]
[Result "0-1"]
[WhiteElo "2460"]
[BlackElo "2569"]
[PlyCount "40"]
[EventDate "2017.09.28"]
[EventType "team"]
[EventRounds "9"]
[EventCountry "CRO"]

1. e4 c6 2. d4 d5 3. f3 Qb6 4. Nc3 dxe4 5. fxe4 e5 6. Nf3 exd4 7. Nxd4 Bc5 8.
Na4 Qa5+ 9. c3 Bd6 10. Nf5 Be5 11. Ne3 Qc7 12. Ng4 Bxg4 13. Qxg4 Nf6 14. Qh3
Nbd7 15. b4 b5 16. Nc5 Nxc5 17. bxc5 b4 18. Bb2 bxc3 19. Bxc3 Nxe4 20. Bxe5
Qxe5 0-1

[Event "Tch-CRO 1stB Liga 2017"]
[Site "Mali Losinj"]
[Date "2017.09.30"]
[Round "3.22"]
[White "Bogut, Zeljko"]
[Black "Tratar, Marko"]
[Result "1-0"]
[WhiteElo "2411"]
[BlackElo "2465"]
[PlyCount "67"]
[EventDate "2017.09.28"]
[EventType "team"]
[EventRounds "9"]
[EventCountry "CRO"]

1. c4 e5 2. Nc3 Bb4 3. Nd5 Bc5 4. e3 Nf6 5. d4 Nxd5 6. dxc5 Nf6 7. b4 O-O 8.
Bb2 Re8 9. Nf3 e4 10. Nd4 b6 11. cxb6 axb6 12. Be2 d6 13. O-O Bb7 14. Qb3 Nbd7
15. Rfd1 Re5 16. a4 Ne8 17. a5 bxa5 18. c5 Bd5 19. Bc4 Bxc4 20. Qxc4 Rh5 21.
Nc6 Qh4 22. h3 a4 23. Qb5 Nef6 24. Qb7 Re8 25. Qxc7 Rg5 26. Kf1 Rf5 27. Rd2
dxc5 28. Bxf6 Qxf6 29. Qxd7 Rxf2+ 30. Kg1 Qxa1+ 31. Kxf2 Qf6+ 32. Ke2 Rf8 33.
Ne7+ Kh8 34. Qd8 1-0

[Event "Tch-CRO 1stB Liga 2017"]
[Site "Mali Losinj"]
[Date "2017.09.30"]
[Round "3.23"]
[White "Zufic, Miroslav"]
[Black "Galic, Ivan"]
[Result "0-1"]
[WhiteElo "2395"]
[BlackElo "2395"]
[PlyCount "114"]
[EventDate "2017.09.28"]
[EventType "team"]
[EventRounds "9"]
[EventCountry "CRO"]

1. e4 c5 2. Nf3 e6 3. b3 a6 4. Bb2 Nc6 5. c4 Qc7 6. g3 Nge7 7. Bg2 e5 8. Nc3 d6
9. O-O g6 10. Nd5 Nxd5 11. cxd5 Ne7 12. b4 b6 13. bxc5 bxc5 14. Bc3 Bd7 15. d3
Bh6 16. Nd2 O-O 17. Nc4 Nc8 18. Ba5 Qa7 19. a4 Rb8 20. Qc2 f5 21. f4 exf4 22.
gxf4 fxe4 23. dxe4 Bxf4 24. Bd2 g5 25. Bxf4 gxf4 26. Kh1 Be8 27. e5 dxe5 28.
Be4 Qe7 29. Rg1+ Kh8 30. Ra3 f3 31. Bxf3 Nd6 32. Nxd6 Qxd6 33. Be4 Bg6 34. Bxg6
hxg6 35. Rh3+ Kg7 36. Qd2 Rh8 37. Rhg3 Rh6 38. h3 Rb4 39. Kh2 Rd4 40. Qg5 Rxd5
41. Rb1 Rd2+ 42. Rg2 e4+ 43. Kg1 Rd1+ 44. Rxd1 Qxd1+ 45. Kf2 Qd6 46. h4 Kh7 47.
Rg4 Rh5 48. Qe3 Qh2+ 49. Ke1 Qh1+ 50. Ke2 Rf5 51. Rxe4 Qf1+ 52. Kd2 Rf2+ 53.
Kc3 Rf3 54. Re7+ Kg8 55. Re8+ Kf7 56. Re7+ Kf6 57. Re6+ Kf5 0-1

[Event "Tch-CRO 1stB Liga 2017"]
[Site "Mali Losinj"]
[Date "2017.09.30"]
[Round "3.24"]
[White "Bender, Ivan"]
[Black "Glavas, Dragan"]
[Result "1-0"]
[WhiteElo "2231"]
[BlackElo "2285"]
[PlyCount "69"]
[EventDate "2017.09.28"]
[EventType "team"]
[EventRounds "9"]
[EventCountry "CRO"]

1. Nf3 Nf6 2. c4 e6 3. g3 d5 4. d4 c6 5. Bg2 Bd6 6. b3 O-O 7. O-O Nbd7 8. Bb2
Ne4 9. Nc3 f5 10. Qc2 Ndf6 11. Ne5 Qe8 12. Nxe4 fxe4 13. f3 exf3 14. exf3 Bxe5
15. dxe5 Nh5 16. Ba3 Rf7 17. Bd6 g6 18. b4 b5 19. cxb5 cxb5 20. Qd2 Bb7 21.
Rac1 Ng7 22. g4 Qd8 23. Rc3 Ne8 24. Bc5 a5 25. a3 axb4 26. axb4 Ra4 27. Rd3 Qa8
28. Rd4 Ra2 29. Qg5 Qa4 30. Rf2 Ra1+ 31. Bf1 Qa3 32. Kg2 Bc6 33. h4 Qa8 34. h5
Qc8 35. Bd3 1-0

[Event "Tch-CRO 1stB Liga 2017"]
[Site "Mali Losinj"]
[Date "2017.09.30"]
[Round "3.25"]
[White "Franic, Milan"]
[Black "Brnas, Augustin"]
[Result "1-0"]
[WhiteElo "2356"]
[BlackElo "2203"]
[PlyCount "67"]
[EventDate "2017.09.28"]
[EventType "team"]
[EventRounds "9"]
[EventCountry "CRO"]

1. d4 Nf6 2. Bg5 Ne4 3. Bf4 c5 4. f3 Qa5+ 5. c3 Nf6 6. d5 Qb6 7. b3 g6 8. e4
Bg7 9. Bc4 d6 10. Ne2 Nbd7 11. a4 O-O 12. O-O Qc7 13. Na3 Nh5 14. Bg5 Ne5 15.
g4 Nf6 16. Ng3 Nxc4 17. Nxc4 Bd7 18. Rf2 b6 19. Bf4 Be8 20. e5 dxe5 21. Bxe5
Qb7 22. Rd2 Rd8 23. Ne3 Bh6 24. f4 Nd7 25. Ngf5 Bg5 26. h4 gxf5 27. hxg5 f6 28.
gxf6 Nxe5 29. fxe5 exf6 30. e6 fxg4 31. Qxg4+ Kh8 32. Qf4 Rg8+ 33. Kh2 Qg7 34.
Rf1 1-0

[Event "Tch-CRO 1stB Liga 2017"]
[Site "Mali Losinj"]
[Date "2017.09.30"]
[Round "3.26"]
[White "Separovic, Tomislav"]
[Black "Ciganovic, Nikola"]
[Result "0-1"]
[WhiteElo "2187"]
[BlackElo "2238"]
[PlyCount "90"]
[EventDate "2017.09.28"]
[EventType "team"]
[EventRounds "9"]
[EventCountry "CRO"]

1. Nf3 Nf6 2. d4 g6 3. c4 Bg7 4. Nc3 O-O 5. e4 d6 6. Be2 e5 7. O-O Nc6 8. d5
Ne7 9. Bd2 Nd7 10. Ne1 f5 11. Nd3 Nf6 12. f3 c6 13. b4 b5 14. Nf2 bxc4 15. dxc6
Nxc6 16. Bxc4+ Kh8 17. Nd5 Nd4 18. Nxf6 Bxf6 19. Bd5 Rb8 20. a3 Ba6 21. Re1 Rc8
22. Ra2 Qc7 23. Qb1 f4 24. a4 Bc4 25. Rb2 Ne2+ 26. Kh1 Bxd5 27. Rxe2 Bc4 28.
Re1 Bh4 29. Bc1 Qb6 30. a5 Qb5 31. Rd2 Rc6 32. Bb2 Rb8 33. Bc3 Rbc8 34. Bb2 Rb8
35. Bc3 Rbc8 36. Bb2 Kg8 37. Qa1 Qxb4 38. Bc3 Qc5 39. Kg1 Be6 40. Bb2 Qb4 41.
Ree2 Bc4 42. Bc3 Qb3 43. Re1 Bb5 44. Bb2 Rc2 45. Red1 Bxf2+ 0-1

[Event "Tch-CRO 1stB Liga 2017"]
[Site "Mali Losinj"]
[Date "2017.09.30"]
[Round "3.32"]
[White "Nemeth, Miklos"]
[Black "Jakic, Ivan"]
[Result "1/2-1/2"]
[WhiteElo "2489"]
[BlackElo "2378"]
[PlyCount "67"]
[EventDate "2017.09.28"]
[EventType "team"]
[EventRounds "9"]
[EventCountry "CRO"]

1. e4 c5 2. Nf3 d6 3. d4 cxd4 4. Nxd4 Nf6 5. Nc3 a6 6. Bg5 Nbd7 7. f4 Qc7 8.
Qf3 h6 9. Bxf6 Nxf6 10. f5 e5 11. fxe6 fxe6 12. g3 Qc5 13. O-O-O Be7 14. Bh3
Qe5 15. Rhe1 O-O 16. Kb1 Nh7 17. Qg2 Rf7 18. Bg4 Bf8 19. h4 Nf6 20. Bh3 Nh5 21.
Nce2 Bd7 22. g4 Nf4 23. Nxf4 Rxf4 24. g5 hxg5 25. Nf3 Rxf3 26. Qxf3 Be7 27.
hxg5 Bxg5 28. Rf1 Bf6 29. Qb3 b5 30. Rf5 Qxb2+ 31. Qxb2 Bxb2 32. Rh5 Bf6 33.
Rxd6 g6 34. Rxd7 1/2-1/2

[Event "Tch-CRO 1stB Liga 2017"]
[Site "Mali Losinj"]
[Date "2017.09.30"]
[Round "3.33"]
[White "Stipic, Marko"]
[Black "Krstic, Uros"]
[Result "0-1"]
[WhiteElo "2167"]
[BlackElo "2395"]
[PlyCount "58"]
[EventDate "2017.09.28"]
[EventType "team"]
[EventRounds "9"]
[EventCountry "CRO"]

1. c4 e5 2. Nc3 Bb4 3. Qc2 Nc6 4. e3 Nf6 5. d3 O-O 6. Nf3 Re8 7. Bd2 d5 8. cxd5
Nxd5 9. Be2 Bf8 10. a3 a5 11. b3 Bg4 12. O-O Nb6 13. Na4 Nd7 14. Rfd1 Re6 15.
Nc3 h6 16. Bc1 Bh5 17. Bb2 Bg6 18. Nb5 Re8 19. Qc3 Nb6 20. Rac1 Qe7 21. Qc2
Rad8 22. Nd2 Rd5 23. Nc3 Rd7 24. Nce4 Red8 25. Qb1 Qe6 26. Qa1 Bxe4 27. Nxe4
Qxb3 28. Nc5 Bxc5 29. Rxc5 Na4 0-1

[Event "Tch-CRO 1stB Liga 2017"]
[Site "Mali Losinj"]
[Date "2017.09.30"]
[Round "3.34"]
[White "Trbojevic, Mladen"]
[Black "Brzic, Roko"]
[Result "1-0"]
[WhiteElo "2338"]
[BlackElo "1942"]
[PlyCount "65"]
[EventDate "2017.09.28"]
[EventType "team"]
[EventRounds "9"]
[EventCountry "CRO"]

1. e4 b6 2. d4 Bb7 3. Bd3 e6 4. Nf3 Nf6 5. Qe2 d5 6. e5 Ne4 7. O-O Be7 8. Nbd2
Nxd2 9. Bxd2 c5 10. c3 Nc6 11. a3 a5 12. Be3 Qc8 13. Rfc1 Qd8 14. Nd2 Qd7 15.
b3 Rc8 16. Qg4 g6 17. h4 h5 18. Qg3 Qd8 19. Nf3 Rg8 20. Bb5 Rh8 21. c4 dxc4 22.
Rxc4 Kf8 23. dxc5 Na7 24. c6 Bxc6 25. Bxc6 Rxc6 26. Rd4 Qb8 27. Bg5 Qc7 28.
Rad1 Ke8 29. Qf4 Nc8 30. Bf6 Rg8 31. Bg5 Rf8 32. Qd2 Bf6 33. exf6 1-0

[Event "Tch-CRO 1stB Liga 2017"]
[Site "Mali Losinj"]
[Date "2017.09.30"]
[Round "3.35"]
[White "Dunatov, Kresimir"]
[Black "Vernacki, Srdjan"]
[Result "0-1"]
[WhiteElo "1906"]
[BlackElo "2324"]
[PlyCount "120"]
[EventDate "2017.09.28"]
[EventType "team"]
[EventRounds "9"]
[EventCountry "CRO"]

1. e4 c5 2. Nf3 e6 3. d4 cxd4 4. Nxd4 a6 5. Nc3 Qc7 6. g3 b5 7. Bg2 Bb7 8. O-O
d6 9. Re1 Nf6 10. Nd5 Nxd5 11. exd5 e5 12. f4 Nd7 13. Nc6 Bxc6 14. dxc6 Nc5 15.
Qd5 O-O-O 16. Be3 h5 17. Red1 Be7 18. a4 b4 19. Qxf7 h4 20. Bh3+ Kb8 21. Bxc5
hxg3 22. Bd7 Rxd7 23. Qd5 gxh2+ 24. Kh1 Rdd8 25. Bxb4 Rc8 26. fxe5 Qxc6 27.
exd6 Bf6 28. d7 Qxd5+ 29. Rxd5 Rxc2 30. Bc3 Bxc3 31. bxc3 Rd8 32. Rd3 Kc7 33.
Rb1 Rxd7 34. Rb7+ Kxb7 35. Rxd7+ Kb6 36. Rxg7 Ka5 37. Rg6 Rxc3 38. Kxh2 Ra3 39.
Kg2 Rxa4 40. Kf2 Re4 41. Kf3 Re5 42. Kf4 Re8 43. Rd6 Kb5 44. Rd5+ Kb4 45. Rd4+
Kc5 46. Ra4 Kb5 47. Ra1 a5 48. Rb1+ Kc4 49. Rc1+ Kb3 50. Rb1+ Kc3 51. Rb7 a4
52. Ra7 Kb3 53. Rb7+ Ka2 54. Kf3 Re1 55. Kf2 Rb1 56. Ra7 Rb4 57. Ke2 a3 58. Kd3
Kb2 59. Rc7 a2 60. Rc2+ Kb1 0-1

[Event "Tch-CRO 1stB Liga 2017"]
[Site "Mali Losinj"]
[Date "2017.09.30"]
[Round "3.36"]
[White "Horvat, David"]
[Black "Malesevic, Elvino"]
[Result "1-0"]
[WhiteElo "2211"]
[BlackElo "1782"]
[PlyCount "94"]
[EventDate "2017.09.28"]
[EventType "team"]
[EventRounds "9"]
[EventCountry "CRO"]

1. e4 e5 2. Nf3 Nc6 3. d4 exd4 4. Nxd4 d6 5. Nxc6 bxc6 6. Bd3 Nf6 7. O-O Be7 8.
b3 Nd7 9. f4 Nc5 10. Bb2 O-O 11. Qf3 Nxd3 12. cxd3 d5 13. f5 dxe4 14. dxe4 f6
15. Nc3 Bd6 16. Rad1 Qe7 17. Rfe1 Qe5 18. g3 Bb7 19. Re2 Qe7 20. Bc1 Rad8 21.
Rde1 Ba6 22. Rc2 Rfe8 23. Be3 Bd3 24. Rcc1 Bxe4 25. Nxe4 Qxe4 26. Qxe4 Rxe4 27.
Rc3 Rde8 28. Kf2 a5 29. Bd2 Rxe1 30. Bxe1 Re5 31. g4 Kf7 32. Rc4 Ke8 33. Bc3
Rd5 34. h3 Bc5+ 35. Kf3 Bb6 36. h4 Kf7 37. Ke4 Rb5 38. Bd4 Ke7 39. Bxb6 cxb6
40. Rxc6 Kf8 41. g5 Re5+ 42. Kf4 Kg8 43. g6 hxg6 44. fxg6 Kf8 45. Rxb6 Ke7 46.
Rb7+ Kf8 47. Rf7+ Kg8 1-0

[Event "Tch-CRO 1stB Liga 2017"]
[Site "Mali Losinj"]
[Date "2017.09.30"]
[Round "3.41"]
[White "Indjic, Aleksandar"]
[Black "Brkic, Ante"]
[Result "1-0"]
[WhiteElo "2574"]
[BlackElo "2563"]
[PlyCount "83"]
[EventDate "2017.09.28"]
[EventType "team"]
[EventRounds "9"]
[EventCountry "CRO"]

1. d4 Nf6 2. c4 e6 3. Nf3 d5 4. Bg5 Bb4+ 5. Nc3 h6 6. Bxf6 Qxf6 7. e3 O-O 8.
Rc1 dxc4 9. Bxc4 c5 10. O-O cxd4 11. Ne4 Qe7 12. a3 Ba5 13. Qxd4 Rd8 14. Qe5
Bb6 15. g4 Nd7 16. Qg3 Nf6 17. Nxf6+ gxf6 18. h4 Bc7 19. Qg2 Bd7 20. g5 hxg5
21. hxg5 f5 22. Ba2 Bc6 23. Rxc6 bxc6 24. Qh3 Qf8 25. Kg2 Qg7 26. Rh1 Rab8 27.
b4 Rd3 28. Qh4 Rxa3 29. Bxe6 fxe6 30. Qc4 Re8 31. Rh6 Rxe3 32. fxe3 Qb2+ 33.
Kf1 Qb1+ 34. Ke2 Qb2+ 35. Nd2 Qg7 36. Qxc6 Qe7 37. Nf3 Kg7 38. Nd4 Qxg5 39.
Nxe6+ Rxe6 40. Rxe6 Qg4+ 41. Kd2 Qxb4+ 42. Ke2 1-0

[Event "Tch-CRO 1stB Liga 2017"]
[Site "Mali Losinj"]
[Date "2017.09.30"]
[Round "3.42"]
[White "Petkov, Vladimir"]
[Black "Popovic, Dusan"]
[Result "1/2-1/2"]
[WhiteElo "2495"]
[BlackElo "2528"]
[PlyCount "28"]
[EventDate "2017.09.28"]
[EventType "team"]
[EventRounds "9"]
[EventCountry "CRO"]

1. d4 Nf6 2. c4 g6 3. g3 Bg7 4. Bg2 O-O 5. Nc3 d6 6. Nf3 Nc6 7. O-O Bg4 8. Bg5
h6 9. Be3 e5 10. dxe5 dxe5 11. Qc1 Kh7 12. Rd1 Qc8 13. Nd5 Nd7 14. c5 Be6
1/2-1/2

[Event "Tch-CRO 1stB Liga 2017"]
[Site "Mali Losinj"]
[Date "2017.09.30"]
[Round "3.43"]
[White "Medak, Bojan"]
[Black "Stocko, Josip"]
[Result "1/2-1/2"]
[WhiteElo "2398"]
[BlackElo "2362"]
[PlyCount "25"]
[EventDate "2017.09.28"]
[EventType "team"]
[EventRounds "9"]
[EventCountry "CRO"]

1. c4 e5 2. Nc3 Nc6 3. Nf3 f5 4. d4 e4 5. Ng5 Nf6 6. h4 Be7 7. g3 a6 8. Bf4 h6
9. Nh3 d6 10. Bg2 O-O 11. Qd2 Na5 12. b3 c6 13. f3 1/2-1/2